L'Égypte pharaonique : Histoire, société, culture (notice n° 2084306)

détails MARC
000 -LEADER
fixed length control field 01839cam a2200169 4500500
005 - DATE AND TIME OF LATEST TRANSACTION
control field 20260405005516.0
041 ## - LANGUAGE CODE
Language code of text/sound track or separate title fre
042 ## - AUTHENTICATION CODE
Authentication code dc
100 10 - MAIN ENTRY--PERSONAL NAME
Personal name Tallet, Pierre
Relator term author
245 00 - TITLE STATEMENT
Title L'Égypte pharaonique : Histoire, société, culture
260 ## - PUBLICATION, DISTRIBUTION, ETC.
Name of publisher, distributor, etc. Armand Colin,<br/>
Date of publication, distribution, etc. 2023.<br/>
520 ## - SUMMARY, ETC.
Summary, etc. Dans la vallée du Nil émerge au terme d'un processus culturel complexe l'un des plus anciens Etats territoriaux du monde, dirigé par une royauté sacrée et une administration qui se développe et évolue durant les presque 3000 ans qui séparent la Ire dynastie de la conquête romaine. Au-delà de l'image d'une Egypte des pyramides immobile dirigée par un despote tout puissant, les recherches les plus récentes, issues de l'analyse de la documentation écrite et iconographique autant que des dernières découvertes archéologiques, amènent au contraire à peindre un tableau beaucoup plus nuancé. Du rôle essentiel de l'échelle locale aux jeux de pouvoir entre grandes familles de la Cour, de l'économie vivrière aux échanges internationaux, de l'exploitation des déserts entourant l'Egypte aux expéditions au long cours vers le Sinaï, Pount, le Soudan ou le Proche-Orient, c'est un royaume en constante évolution qui est ici dépeint. Au-delà du résumé de la trame chronologique essentielle à la compréhension de l'histoire égyptienne, l'ouvrage aborde les problématiques historiques propres à chacune de ses grandes périodes, touchant à l'histoire, mais aussi à la société et à la culture, en présentant également les débats historiographiques en cours.
700 10 - ADDED ENTRY--PERSONAL NAME
Personal name Payraudeau, Frédéric
Relator term author
700 10 - ADDED ENTRY--PERSONAL NAME
Personal name Ragazzoli, Chloé
Relator term author
700 10 - ADDED ENTRY--PERSONAL NAME
Personal name Somaglino, Claire
Relator term author
856 41 - ELECTRONIC LOCATION AND ACCESS
Uniform Resource Identifier <a href="https://shs.cairn.info/l-egypte-pharaonique--9782200635275?lang=fr&redirect-ssocas=7080">https://shs.cairn.info/l-egypte-pharaonique--9782200635275?lang=fr&redirect-ssocas=7080</a>

Pas d'exemplaire disponible.

PLUDOC

PLUDOC est la plateforme unique et centralisée de gestion des bibliothèques physiques et numériques de Guinée administré par le CEDUST. Elle est la plus grande base de données de ressources documentaires pour les Étudiants, Enseignants chercheurs et Chercheurs de Guinée.

Adresse

627 919 101/664 919 101

25 boulevard du commerce
Kaloum, Conakry, Guinée

Réseaux sociaux

Powered by Netsen Group @ 2025